000 00783nam a2200169 i 4500
001 56918
003 ES-MaACL
005 20230906163456.0
007 t|
008 031014s1908 sp ||||1| spa d
245 0 0 _aCenso Electoral publicado en 1908, procedente de la inscripción verificada el 7 de Octubre de 1907 :
_bClasificación de los electores de dicho Censo /
_cDirección General del Instituo Geográfico y Estadístico.
260 _aMadrid :
_b[s.n.],
_c1908 (
_fImp. del Instituto Geográfico y Estadístico)
300 _aIX, 123 p. ;
_c33 cm.
594 _aPrecede al tit.: Ministerio de Instruccion pública y Bellas Artes. Direccion general del Instituto Geográfico y Estadistico.
650 4 _aCensos electorales-
_zEspaña.
_9161311
852 _aES-MaACL
_jC-12361
999 _c56918
_d56918